1971 1474 1249 1501 1975 1480 1366 1613 1593 1857 1024 1777 1021 1923 1961 1798 1885 1597 1451 1665 1224 1455 1164 1052 1712 1389 1564 1528 1499 1434 1392 1391 1504 1410 1086 1380 1220 1902 1904 1142 1864 1351 1698 1012 1330 1655 1678 2000 1033 1136 1485 1430 1353 1090 1285 1873 1765 1577 1103 1658 1036 1155 1358 1897 1563 1512 1550 1753 1274 1159 1076 1709 1255 1302 1875 1792 1272 1625 1100 1023 1554 1712 1477 1006 1308 1310 1197 1225 1303 1812 1487 1088 1549 1391 1234 1313 1950 1893 1490 BCNSPRNW ULIB Ver.6.0+V

เปลี่ยนเป็นภาษาไทย

Change to English
 แสดงรายละเอียดบรรณานุกรม
  กลับหน้าหลัก

Brief Record : Get Marc (ISO 2709) : E-mail record : QR code < ปิดหน้าต่าง
LEADER : 00000nam 2200000uu 4500
001    13399108296
003     ULIB
008    110227s2553||||th 000 0 tha d
020    9789741112593
060 04 WS100^bก721 2553 ล.1
245 00 กุมารเวชศาสตร์ สำหรับนักศึกษาแพทย์ เล่มที่ 1 /^cบรรณาธิการ, เปรมฤดี ภูมิถาวร ... [และคนอื่น ๆ]
250    พิมพ์ครั้งที่ 1
260    กรุงเทพฯ :^bภาควิชากุมารเวชศาสตร์คณะแพทยศาสตร์โรงพยาบาลรามาธิบดี มหาวิทยาลัยมหิดล,^c2553
300    [13] ; 433 หน้า :^bภาพประกอบ ;^c27 ซม.
650  2 Disease^xin infancy & childhood
650  2 Pediatrics
650  7 กุมารเวชศาสตร์
650  7 โรคเด็ก
650  7 ผู้ป่วย^xโรคเด็ก
700 0  เปรมฤดี ภูมิถาวร,^eบรรณาธิการ
700 0  สุวัฒนื เบญจพลพิทักษ์,^eบรรณาธิการ
700 0  กาญจนา ตั้งนรารัชชกิจ,^eบรรณาธิการ
700 0  สุเทพ วาณิชย์กุล,^eบรรณาธิการ
700 0  สุรางค์ เจียมจรรยา,^eบรรณาธิการ
710 2  มหาวิทยาลัยมหิดล. ^bคณะแพทยศาสตร์โรงพยาบาลรามาธิบดี.^bภาควิชากุมารเวชศาสตร์
995    เกษร
999    ^aใช้งานได้ทุกระบบ
รายการนี้ยังไม่มีแท็ก
คุณยังไม่ได้ล็อกอิน คุณสามารถมีกิจกรรมร่วมกับเว็บไซต์ได้ แต่ต้องล็อกอินก่อน ::
  ล็อกอิน

รายการสื่อสารสนเทศ

ลำดับที่ ประเภท เลขเรียก/บาร์โค้ด สถานที่ สถานะ
- ไม่พบข้อมูล -

รายการใกล้เคียง
    หัวเรื่อง [Pediatrics]
    หัวเรื่อง [กุมารเวชศาสตร์]
    หัวเรื่อง [โรคเด็ก]

BibComment


ยังไม่เคยถูกคอมเมนท์

คอมเมนท์ทรัพยากรรายการนี้
  คอมเมนท์: กุมารเวชศาสตร์ สำ..


 Copyright 2026. Bcnsprnw @Library